Violeta Parra: en Concepción y La Frontera del Biobío, 1957-1960. Recopilación, difusión del folklore y desborde creativo.
Sparad:
| Huvudupphovsman: | |
|---|---|
| Materialtyp: | Bok |
| Språk: | spanska |
| Publicerad: |
Concepción, Chile:
Universidad de Concepción,
2017.
|
| Upplaga: | Primera edición |
| Ämnen: | |
| Taggar: |
Lägg till en tagg
Inga taggar, Lägg till första taggen!
|
MARC
| LEADER | 00000cam a2200000 a 4500 | ||
|---|---|---|---|
| 001 | UCC5047 | ||
| 003 | CL-VaPUC | ||
| 005 | 20241021163603.0 | ||
| 008 | 180913e20170000cl |||||||||||||||||spa|d | ||
| 999 | |c 372387 |d 372385 | ||
| 020 | |a 978-956-227-415-9 | ||
| 040 | |c Pontificia Universidad Católica de Valparaíso | ||
| 082 | 0 | 4 | |a 927.8 VEN 2017 |2 21 |
| 100 | |a Venegas Espinoza, Fernando |e autor |9 460818 | ||
| 245 | 1 | 0 | |a Violeta Parra: en Concepción y La Frontera del Biobío, 1957-1960. Recopilación, difusión del folklore y desborde creativo. |
| 250 | |a Primera edición | ||
| 260 | |a Concepción, Chile: |b Universidad de Concepción, |c 2017. | ||
| 300 | |a 356 páginas. | ||
| 500 | |a c. Fondo Budge. Donación profesor Sr. Eduardo Cavieres. 05-08-2019 Don Eduardo, con estimación y todo el afecto del mundo, Fernando Venegas E. Septiembre 2018 | ||
| 583 | |a last modification |c 20180913 22:58:00 |k Rodrigo Vera | ||
| 600 | 0 | |a Parra, Violeta |q (Parra Sandoval, Violeta) |d 1917-1967 |x Biografías |x Folklore |9 880636 | |
| 650 | 0 | |a Folkloristas |9 313942 | |
| 650 | 0 | |a Músicos chilenos |9 306645 | |
| 942 | |c BK |2 ddc | ||
| 945 | |d 20180913 22:58:00 |a dcastane | ||
| 952 | |0 0 |1 0 |3 erb |4 0 |6 927_800000000000000_VEN_2017 |7 0 |8 A |9 490025 |a BIBHIS |b BIBHIS |i 550161K |o 927.8 VEN 2017 |p 550161K |r 2025-01-20 |w 2019-11-24 |y BK |z Catalogado en:20180913 |k HIS | ||
| 952 | |0 0 |1 0 |3 erb |4 0 |6 927_800000000000000_VEN_2017 |7 0 |8 A |9 490026 |a BIBHIS |b BIBHIS |i 5501601 |o 927.8 VEN 2017 |p 5501601 |r 2025-01-20 |w 2019-11-24 |y BK |z Catalogado en:20180913 |k HIS | ||
| 952 | |0 0 |1 0 |3 erb |4 0 |6 927_800000000000000_VEN_2017 |7 0 |8 X |9 490027 |a FDOBUD |b FDOBUD |i 559538K |o 927.8 VEN 2017 |p 559538K |r 2019-11-24 |w 2019-11-24 |y BK_X |z Catalogado en:20190809 |k BUD | ||